000 00761nam a2200205Ii 4500
003 JO-AjNU
008 230605s9999||||xx |||||||||||||| ||und||
017 _a1016
040 _aJO-AjNU
_bara
_erda
_cJO-AjNU
041 _aara
050 1 4 _aQL88.5.Y3622 1992
100 3 _aاليعقوبي ، بهلول,
_eauthor
_936935
245 0 0 _aالمستحاثات اللافقارية : تناولهاعلميا ووصفها وتصنيفها
264 3 1 _aبيروت:معهد الانماء العربي ، 1992
300 _a253ص
336 _atext
_btxt
_2rdacontent
337 _aunmediated
_bn
_2rdamedia
338 _avolume
_bnc
_2rdacarrier
650 4 _aاللافقاريات-الحفريات-الرخويات -الحفريات الحيوانية
_936936
999 _aA15389
_c18957
_d18957